Регионална библиотека "Любен Каравелов" - Русе

Новатори (Запис номер 181952)

MARC детайли
000 -Лидер
Контролно поле с фиксирана дължина 01068nam a2200289 c 4500
003 - Код на организацията, давaща контролен номер
Контролно поле BLK
005 - Дата и час на последна редакция
Контролно поле 20180422115207.0
008 - Елементи от данни с фиксирана дължина
fixed length control field 180411b bul|||||r ||||||| ||bul||
010 ## - Наследен системен номер
LC control number KNG00190869000
040 ## - Източник на каталожния запис
Идентификатор на билиотеката - собственик на записа BLK
041 ## - Код за език
Код за езика на текст/звукозапис или на отделно заглавие Български
Код за езика КДБФ Български
080 ## - УДК
Текстов определител УДК Руска литература
УДК код - определител по УДК 821.161.1
УДК определител -31
УДК - код + определител 821.161.1-31
100 1# - Редна дума - Автор
Автор Гранин, Даниил Александрович
Авторска отговорност първи автор
R(LIN) 376450
139 ## - Редно поле
Редна дума Гранин, Даниил Александрович
Авторски знак Гран - Г 77
245 10 - Сведения за заглавието
Заглавие Новатори
Подзаглавни данни Роман
Редно поле (дума) Даниил Александрович Гранин; прев. от рус. Елена Николова-Руж.
257 ## - Страна на издаване
Страна на създаване/издаване СССР
260 ## - Област на издателските данни
-- София
Име на издателя, разпространителя и проч. Нар. култура
Година на издаване 1956
300 ## - Физическа характеристика
Страници 448 с.
Илюстрации и др. с 1 портр.
Размери/Мащаб 21 см
380 ## - Жанр
Жанр Худож. лит.
500 ## - Общи забележки
Забележка 15 000 тир.
700 1# - Други автори (авторска отговорност)
Лично име Николова-Руж, Елена
Автороска отговорност (Описва отношението между автора и произведението) прев. от рус.
9 (RLIN) 367610
852 ## - Местоположение
Форматна сигнатура Цб 3625
856 4# - Електронен адрес и достъп
Електронен формат pdf - файл
Път до файла /url/
856 4# - Електронен адрес и достъп
Електронен формат pdf - файл
Път до файла /url/
942 ## - АРТИКУЛИ
Вид на библиотечния материал Книги
Скрит в OPAC Не
944 ## - СЪЗДАВАНЕ И РЕДАКЦИЯ на ЗАПИСА
Създаване/Редакция Създаване
Дата на регистрацията/редакция 21.09.2016
Служител, извършил регистрацията/редакцията Кети_Илиева
944 ## - СЪЗДАВАНЕ И РЕДАКЦИЯ на ЗАПИСА
Създаване/Редакция Редакция
Дата на регистрацията/редакция 21.09.2016
Служител, извършил регистрацията/редакцията Кети_Илиева
999 ## - СИСТЕМНИ КОНТРОЛНИ НОМЕРА
Koha biblionumber 181952
Koha biblioitemnumber 181952
Наличности
Код за отписване Код за изгубен артикул Източник на класификационната схема Код за повреда Коз за рестрикции Код за отдаване Артикулен № Име на библиотеката - собственик Име на библиотеката, в която се намира в момента Статус (Текущо местоположение) Дата на вписване в системата Местоположение - отдел Цена в лева Инвентарен номер Систематично азбучна сигнатура Баркод Номер на екземпляра Цена в евро Служебна бележка Служебен тип на артикула
Изтеглен Не е изгубен Universal Decimal Classification Не е повреден без рестрикции заемане за дома 311824 Регионална библиотека "Любен Каравелов" Русе Регионална библиотека "Любен Каравелов" Русе Заемна - подръчен фонд 1956-01-01 Заемна - подръчен фонд 0.00 9417/56 П 882-31/Г 77 9417/56 1 0.00 Вид: Сф Дата: 01.01.1956 Книги
Изтеглен Не е изгубен Universal Decimal Classification Не е повреден без рестрикции заемане за дома 311825 Регионална библиотека "Любен Каравелов" Русе Регионална библиотека "Любен Каравелов" Русе Заемна - подръчен фонд 1956-01-01 Заемна - подръчен фонд 0.00 9418/56 П 882-31/Г 77 9418/56 2 0.00 Вид: Сф Дата: 01.01.1956 Книги
Изтеглен Не е изгубен   Не е повреден без рестрикции заемане за дома 311826 Регионална библиотека "Любен Каравелов" Русе Регионална библиотека "Любен Каравелов" Русе Заемна - подръчен фонд 1956-01-01 Заемна - подръчен фонд 0.00 6412/61 П 882-31/Г 77 6412/61 3 0.00 Вид: Сф Дата: 01.01.1956 Книги
  Не е изгубен Universal Decimal Classification Не е повреден само за читалня ползва се в читалня 311827 Регионална библиотека "Любен Каравелов" Русе Регионална библиотека "Любен Каравелов" Русе Основен фонд - ползва се само за читалня 1956-01-01 Основен фонд - ползва се само за читалня 1.29 13775/61 Цб 3625 900000051110 4 0.66 Вид: Сф Дата: 01.01.1956 Книги
Vip Innovations Ltd, Rousse, Bulgaria 2025